000 01849cam a22001934a 4500
005 20250605163355.0
008 250528s ||||||||||||||||||||||||d
035 _a17856
020 _a9789603259107
040 _aGR-AtMCL
_bgre
_dGR-AtMCL
_eAACR2
245 1 _aΟ Άνθρωπος που Μπέρδεψε τη Γυναίκα του με Ένα Καπέλο / Και Άλλες Κλινικές Ιστορίες
260 _bΆγρα,
_c2011
300 _a384
520 _aΤο παρόν βιβλίο διηγείται τις ιστορίες ασθενών χαμένων μέσα στον παράξενο λαβύρινθο των νευρολογικών διαταραχών. Πρόλογος, Απώλειες, Εισαγωγή, Ο Άνθρωπος που Μπέρδεψε τη Γυναίκα του με Ένα Καπέλο, Ο Χαμένος Ναυτικός, Η Ασώματη Γυναίκα, Ο Άνθρωπος που Έπεσε από το Κρεβάτι, Χέρια, Φαντάσματα, Με το Αλφάδι, Κεφαλή Δεξιά!, Ο Λόγος του Προέδρου, Εξάρσεις, Ουίττυ Τίκυ Ρέθ ή ο Βασιλιάς των Τικ, Η Νόσος του Μικρού Θεού, Υπόθεση Ταυτότητας, Ναί - Πάτερ Αδερφή, Οι Δαιμονισμένοι, Ταξίδια, Αναπόληση, Ακράτεια Νοσταλγίας, Ο Δρόμος των Ινδιών, Μέσα στο Πετσί του Σκύλου, Φόνος, Οι Οπτασίες της Χίλντεγκαρντ, Ο Κόσμος του Απλού, Ρεβέκα, Ένα ζωντανό Λεξικό Μουσικής, Οι Δίδυμοι, Ο Αυτιστικός Καλλιτέχνης, Βιβλιογραφία.
700 1 _aΣάκς Όλιβερ
942 _cBK
999 _c3256
_d3256